Los tan violados derechos de la niñez
Guardado en:
| Format: | Texto |
|---|---|
| Fag: | |
| Tags: |
Tilføj Tag
Ingen Tags, Vær først til at tagge denne postø!
|
MARC
| LEADER | 00000 a a2200000 04500 | ||
|---|---|---|---|
| 001 | 5760 | ||
| 003 | |||
| 040 | |||
| 245 | |a Los tan violados derechos de la niñez | ||
| 650 | |a DERECHOS DEL NIÑO | ||
| 650 | |a NIÑOS | ||
| 773 | |g número 920; páginas 13-16 | ||
| 999 | |c 32225 |d 32225 | ||
